000 00271nam a22001097a 4500
008 230626b xxu||||| |||| 00| 0 eng d
082 _a338
_bUNDP
245 _aKenya Development Corporation Report 2004
260 _aKenya
_bUNDP
_c2005
300 _aIX,68p
942 _2ddc
_cBK
999 _c2681
_d2681